[Event "Cellavision Cup 2019"]
[Site "Lund"]
[Date "2019.08.02"]
[Round "4.13"]
[White "Hansen, Torbjorn Ringdal"]
[Black "Holst, Conny"]
[Result "1-0"]
[WhiteElo "2432"]
[BlackElo "2184"]
[Annotator "TA"]
[PlyCount "67"]
[EventDate "2019.08.02"]
[EventType "swiss"]
[EventCountry "SWE"]
[SourceTitle "playchess.com"]
[Source "ChessBase"]
[SourceQuality "1"]

{[%evp 9,67,28,52,27,47,41,55,47,50,33,37,31,49,54,53,19,25,21,41,34,68,69,70,73,67,67,61,48,53,50,70,59,134,136,240,219,256,272,395,420,411,406,402,368,342,329,1330,1271,1413,1404,1404,1395,1388,1353,29987,29986,29982,29983,29980,29981]} 1. e4 c5 2. Nf3 d6 3. Bb5+ Nc6 4. O-O Bd7 5. Re1 a6 $146 ({Predecessor:} 5... Nf6 6. c3 a6 7. Bc4 b5 8. Bf1 {1-0 (38) Bartel,M (2641)-Murdzia,P (2422) Czech Republic 2017}) 6. Bc4 {B51: Sicilian: Moscow Variation (3 Bb5+) without 3...Bd7} b5 7. Bf1 $1 e6 8. c3 {White is slightly better.} Nf6 9. d4 cxd4 10. cxd4 d5 11. e5 Ne4 12. Nbd2 Nxd2 $1 13. Bxd2 Be7 14. Rc1 O-O 15. Bd3 Rc8 16. Bb1 f5 17. exf6 $1 Bxf6 18. Be3 g6 19. Qd2 Qa5 {Threatening ...Qxd2.} 20. Rc3 Qb6 {[#]} ({Black should play} 20... Qd8 $14) 21. h4 $1 $16 Ne7 (21... Rf7 $16) 22. Rxc8 Nxc8 23. Ne5 Qd6 (23... Be8 $142 24. h5 Qa7 25. hxg6 hxg6 26. Nxg6 Bxg6) 24. Bh6 $18 Bg7 {[#]} 25. h5 $1 {[%mdl 512]} Be8 (25... gxh5 26. Bxg7) 26. hxg6 hxg6 27. Bxg6 Rf6 $2 (27... Bxg6 28. Nxg6 Rf6) 28. Bxg7 Rxg6 29. Nxg6 {White threatens Qh6 and mate.} Kxg7 30. Ne5 {Intending Qg5+ and mate.} Ne7 31. Qg5+ Kf8 32. Qf6+ {White mates.} Kg8 33. Re3 Nf5 34. Rh3 {Accuracy: White = 93%, Black = 36%.} 1-0

[Event "Cellavision Cup 2019"]
[Site "Lund"]
[Date "2019.08.03"]
[Round "5.1"]
[White "Kulaots, Kaido"]
[Black "Dourerassou, Jonathan"]
[Result "1-0"]
[WhiteElo "2560"]
[BlackElo "2477"]
[Annotator "ChessBase"]
[PlyCount "121"]
[EventDate "2019.08.02"]
[EventType "swiss"]
[EventCountry "SWE"]
[SourceTitle "playchess.com"]
[Source "ChessBase"]
[SourceQuality "1"]
[TimeControl "5400+30"]

1. d4 {[%emt 0:00:00]} d5 {[%emt 0:00:00]} 2. c4 {[%emt 0:00:00]} e6 {[%emt 0:00:00]} 3. Nc3 {[%emt 0:00:06]} Nf6 {[%emt 0:00:20]} 4. cxd5 {[%emt 0:00:19]} exd5 {[%emt 0:00:07]} 5. Bg5 {[%emt 0:00:07]} Be7 {[%emt 0:00:06]} 6. e3 {[%emt 0:00:18]} Nbd7 {[%emt 0:00:19]} 7. Bd3 {[%emt 0:01:56]} c6 {[%emt 0:00:16]} 8. Nge2 {[%emt 0:01:17]} Nh5 {[%emt 0:00:16]} 9. Bxe7 {[%emt 0:01:33]} Qxe7 {[%emt 0:00:11]} 10. g4 {[%emt 0:02:02]} Nhf6 {[%emt 0:00:33]} 11. Ng3 {[%emt 0:04:08]} Nb6 {[%emt 0:01:52]} 12. g5 {[%emt 0:05:11]} Ng8 {[%emt 0:07:46]} 13. h4 {[%emt 0:01:15]} Qb4 {[%emt 0:02:58]} 14. Qc2 {[%emt 0:11:20]} Ne7 {[%emt 0:02:29]} 15. a3 {[%emt 0:02:56]} Qd6 {[%emt 0:00:29]} 16. h5 {[%emt 0:02:56]} Bd7 {[%emt 0:07:38]} 17. Bxh7 {[%emt 0:09:13]} g6 {[%emt 0:07:33]} 18. hxg6 {[%emt 0:00:12]} fxg6 {[%emt 0:00:07]} 19. Rh6 {[%emt 0:02:20]} O-O-O {[%emt 0:01:11]} 20. O-O-O {[%emt 0:06:54]} Nc4 {[%emt 0:08:46]} 21. Nce4 {[%emt 0:13:59]} Qc7 {[%emt 0:05:36]} 22. Qe2 {[%emt 0:07:39]} Nxa3 {[%emt 0:07:40]} 23. bxa3 {[%emt 0:02:02]} dxe4 {[%emt 0:00:09]} 24. Nxe4 {[%emt 0:01:24]} Bf5 {[%emt 0:08:37]} 25. Nf6 {[%emt 0:06:15]} Qa5 {[%emt 0:07:59]} 26. e4 {[%emt 0:07:26]} Be6 {[%emt 0:00:07]} 27. Qe3 {[%emt 0:01:07]} Bb3 {[%emt 0:01:59]} 28. Rd2 {[%emt 0:02:07]} Qb5 {[%emt 0:07:14]} 29. f4 {[%emt 0:01:30]} Kb8 {[%emt 0:03:13]} 30. Rh1 {[%emt 0:01:10]} Ka8 {[%emt 0:07:39]} 31. Qc3 {[%emt 0:00:47]} Bg8 {[%emt 0:03:04]} 32. Qb4 {[%emt 0:01:56]} Qxb4 {[%emt 0:03:31]} 33. axb4 {[%emt 0:00:05]} Be6 {[%emt 0:00:04]} 34. Kc2 {[%emt 0:01:26]} a6 {[%emt 0:00:42]} 35. Rh6 {[%emt 0:00:29]} Ka7 {[%emt 0:00:58]} 36. Kc3 {[%emt 0:00:21]} Kb6 {[%emt 0:01:03]} 37. Rh1 {[%emt 0:02:28]} Ra8 {[%emt 0:00:28]} 38. Ra1 {[%emt 0:00:45]} Kc7 {[%emt 0:01:39]} 39. Ra5 {[%emt 0:00:29]} Bf7 {[%emt 0:01:40]} 40. Re5 {[%emt 0:01:42]} Kd6 {[%emt 0:00:17]} 41. Rh2 {[%emt 0:00:12]} b5 {[%emt 0:00:55]} 42. f5 {[%emt 0:00:33]} a5 {[%emt 0:00:19]} 43. bxa5 {[%emt 0:00:52]} Rxa5 {[%emt 0:00:04]} 44. Rb2 {[%emt 0:00:19]} b4+ {[%emt 0:01:20]} 45. Rxb4 {[%emt 0:00:30]} Ra3+ {[%emt 0:01:31]} 46. Kc2 {[%emt 0:00:11]} gxf5 {[%emt 0:01:25]} 47. Rb7 {[%emt 0:00:22]} Be6 {[%emt 0:00:13]} 48. Rxe7 {[%emt 0:01:08]} Kxe7 {[%emt 0:00:14]} 49. exf5 {[%emt 0:00:05]} Rha8 {[%emt 0:00:17]} 50. Rxe6+ {[%emt 0:00:13]} Kf7 {[%emt 0:00:05]} 51. Bg6+ {[%emt 0:00:17]} Kf8 {[%emt 0:00:18]} 52. Nd7+ {[%emt 0:00:11]} Kg8 {[%emt 0:00:10]} 53. Re8+ {[%emt 0:01:11]} Rxe8 {[%emt 0:00:18]} 54. Bxe8 {[%emt 0:00:05]} Ra8 {[%emt 0:01:03]} 55. g6 {[%emt 0:00:20]} Kh8 {[%emt 0:00:20]} 56. Bf7 {[%emt 0:00:56]} c5 {[%emt 0:01:29]} 57. f6 {[%emt 0:00:13]} cxd4 {[%emt 0:00:21]} 58. g7+ {[%emt 0:00:13]} Kh7 {[%emt 0:00:05]} 59. Nf8+ {[%emt 0:00:13]} Kh6 {[%emt 0:00:17]} 60. g8=Q {[%emt 0:00:37]} d3+ {[%emt 0:01:03]} 61. Kc3 {[%emt 0:00:47]} 1-0

[Event "Cellavision Cup 2019"]
[Site "Lund"]
[Date "2019.08.03"]
[Round "5.2"]
[White "Popilski, Gil"]
[Black "Burg, Twan"]
[Result "1/2-1/2"]
[WhiteElo "2467"]
[BlackElo "2526"]
[Annotator "ChessBase"]
[PlyCount "57"]
[EventDate "2019.08.02"]
[EventType "swiss"]
[EventCountry "SWE"]
[SourceTitle "playchess.com"]
[Source "ChessBase"]
[SourceQuality "1"]
[TimeControl "5400+30"]

1. d4 {[%emt 0:03:49]} Nf6 {[%emt 0:00:00]} 2. c4 {[%emt 0:00:04]} e6 {[%emt 0:00:00]} 3. Nc3 {[%emt 0:00:41]} Bb4 {[%emt 0:00:00]} 4. e3 {[%emt 0:01:51]} O-O {[%emt 0:00:19]} 5. Bd3 {[%emt 0:00:04]} c5 {[%emt 0:00:24]} 6. Nge2 {[%emt 0:00:05]} cxd4 {[%emt 0:01:34]} 7. exd4 {[%emt 0:00:06]} d5 {[%emt 0:00:06]} 8. cxd5 {[%emt 0:00:04]} Nxd5 {[%emt 0:00:23]} 9. O-O {[%emt 0:00:07]} Nc6 {[%emt 0:00:21]} 10. Bc2 {[%emt 0:00:50]} Be7 {[%emt 0:04:06]} 11. Qd3 {[%emt 0:03:59]} Nf6 {[%emt 0:00:10]} 12. a3 {[%emt 0:01:36]} b6 {[%emt 0:02:25]} 13. Bg5 {[%emt 0:06:00]} g6 {[%emt 0:00:09]} 14. Rad1 {[%emt 0:00:20]} Bb7 {[%emt 0:02:10]} 15. Rfe1 {[%emt 0:05:52]} Nd5 {[%emt 0:05:21]} 16. Bh6 {[%emt 0:07:34]} Re8 {[%emt 0:00:37]} 17. Nxd5 {[%emt 0:20:40]} exd5 {[%emt 0:00:17]} 18. Nf4 {[%emt 0:00:13]} Rc8 {[%emt 0:08:48]} 19. Bb3 {[%emt 0:10:30]} Na5 {[%emt 0:03:11]} 20. Ba4 {[%emt 0:03:51]} Bc6 {[%emt 0:00:06]} 21. Bxc6 {[%emt 0:15:03]} Nxc6 {[%emt 0:00:04]} 22. h3 {[%emt 0:01:08]} Qd6 {[%emt 0:00:30]} 23. Qg3 {[%emt 0:03:11]} Bf8 {[%emt 0:06:11]} 24. Bxf8 {[%emt 0:00:29]} Rxe1+ {[%emt 0:00:44]} 25. Rxe1 {[%emt 0:00:02]} Rxf8 {[%emt 0:00:16]} 26. Qg5 {[%emt 0:04:13]} Nxd4 {[%emt 0:09:05]} 27. Nxd5 {[%emt 0:00:07]} f6 {[%emt 0:02:27]} 28. Ne7+ {[%emt 0:00:05]} Qxe7 {[%emt 0:00:55]} 29. Qd5+ {[%emt 0:00:06]} 1/2-1/2

[Event "Cellavision Cup 2019"]
[Site "Lund"]
[Date "2019.08.03"]
[Round "5.3"]
[White "Seo, Jung Min"]
[Black "Marin, Mihail"]
[Result "1/2-1/2"]
[WhiteElo "2399"]
[BlackElo "2525"]
[Annotator "ChessBase"]
[PlyCount "63"]
[EventDate "2019.08.02"]
[EventType "swiss"]
[EventCountry "SWE"]
[SourceTitle "playchess.com"]
[Source "ChessBase"]
[SourceQuality "1"]
[TimeControl "5400+30"]

1. d4 {[%emt 0:00:00]} f5 {[%emt 0:00:00]} 2. Bg5 {[%emt 0:01:46]} g6 {[%emt 0:00:00]} 3. h4 {[%emt 0:00:23]} Bg7 {[%emt 0:00:37]} 4. e3 {[%emt 0:02:05]} d6 {[%emt 0:01:11]} 5. Nc3 {[%emt 0:04:52]} h6 {[%emt 0:04:12]} 6. Bf4 {[%emt 0:00:12]} Nf6 {[%emt 0:01:08]} 7. Bc4 {[%emt 0:02:29]} e6 {[%emt 0:02:05]} 8. Nge2 {[%emt 0:02:30]} Qe7 {[%emt 0:00:40]} 9. Bh2 {[%emt 0:06:47]} e5 {[%emt 0:06:01]} 10. Qd2 {[%emt 0:02:06]} Be6 {[%emt 0:09:31]} 11. Bb3 {[%emt 0:09:03]} Bxb3 {[%emt 0:00:58]} 12. axb3 {[%emt 0:00:15]} Nc6 {[%emt 0:00:38]} 13. O-O-O {[%emt 0:08:04]} O-O-O {[%emt 0:07:17]} 14. Kb1 {[%emt 0:06:23]} Qf7 {[%emt 0:04:51]} 15. f3 {[%emt 0:06:21]} Nd5 {[%emt 0:09:01]} 16. Nxd5 {[%emt 0:15:24]} Qxd5 {[%emt 0:00:32]} 17. dxe5 {[%emt 0:01:36]} Qxd2 {[%emt 0:00:25]} 18. Rxd2 {[%emt 0:00:01]} Bxe5 {[%emt 0:01:06]} 19. Bxe5 {[%emt 0:02:39]} dxe5 {[%emt 0:06:23]} 20. Rxd8+ {[%emt 0:00:37]} Rxd8 {[%emt 0:00:33]} 21. Kc1 {[%emt 0:00:02]} Kd7 {[%emt 0:03:37]} 22. Rd1+ {[%emt 0:00:05]} Ke6 {[%emt 0:00:39]} 23. Rxd8 {[%emt 0:00:11]} Nxd8 {[%emt 0:00:06]} 24. Kd2 {[%emt 0:00:14]} Nf7 {[%emt 0:00:31]} 25. Nc3 {[%emt 0:00:32]} Nd6 {[%emt 0:00:44]} 26. Kd3 {[%emt 0:00:29]} c6 {[%emt 0:02:09]} 27. g3 {[%emt 0:02:26]} h5 {[%emt 0:01:52]} 28. e4 {[%emt 0:01:19]} Nf7 {[%emt 0:01:51]} 29. Ke3 {[%emt 0:00:11]} Nd6 {[%emt 0:01:43]} 30. Kd3 {[%emt 0:01:36]} Nf7 {[%emt 0:06:38]} 31. Ke3 {[%emt 0:00:13]} Nd6 {[%emt 0:00:17]} 32. Kd3 {[%emt 0:00:02]} 1/2-1/2

[Event "Cellavision Cup 2019"]
[Site "Lund"]
[Date "2019.08.03"]
[Round "5.4"]
[White "Hector, Jonny"]
[Black "Kristiansen, Jens"]
[Result "1-0"]
[WhiteElo "2487"]
[BlackElo "2400"]
[Annotator "ChessBase"]
[PlyCount "57"]
[EventDate "2019.08.02"]
[EventType "swiss"]
[EventCountry "SWE"]
[SourceTitle "playchess.com"]
[Source "ChessBase"]
[SourceQuality "1"]
[TimeControl "5400+30"]

1. e4 {[%emt 0:00:00]} c5 {[%emt 0:00:00]} 2. Nf3 {[%emt 0:00:00]} d6 {[%emt 0:00:00]} 3. d4 {[%emt 0:00:00]} cxd4 {[%emt 0:00:00]} 4. Nxd4 {[%emt 0:00:00]} Nf6 {[%emt 0:00:00]} 5. Nc3 {[%emt 0:00:06]} e6 {[%emt 0:00:01]} 6. g4 {[%emt 0:01:02]} h6 {[%emt 0:00:16]} 7. h4 {[%emt 0:00:18]} Be7 {[%emt 0:03:05]} 8. Qf3 {[%emt 0:01:15]} Nc6 {[%emt 0:00:38]} 9. Nxc6 {[%emt 0:00:43]} bxc6 {[%emt 0:00:07]} 10. g5 {[%emt 0:00:55]} Nd7 {[%emt 0:00:18]} 11. gxh6 {[%emt 0:00:43]} gxh6 {[%emt 0:00:08]} 12. Bd2 {[%emt 0:03:02]} Bxh4 {[%emt 0:05:05]} 13. O-O-O {[%emt 0:06:58]} Qe7 {[%emt 0:06:17]} 14. e5 {[%emt 0:21:41]} Nxe5 {[%emt 0:07:56]} 15. Qe4 {[%emt 0:00:25]} Bf6 {[%emt 0:11:58]} 16. f4 {[%emt 0:00:49]} d5 {[%emt 0:00:40]} 17. Qa4 {[%emt 0:05:44]} Nd7 {[%emt 0:00:16]} 18. Qxc6 {[%emt 0:00:18]} Rb8 {[%emt 0:00:12]} 19. Bb5 {[%emt 0:01:54]} Kf8 {[%emt 0:10:06]} 20. Nxd5 {[%emt 0:04:43]} exd5 {[%emt 0:01:13]} 21. a3 {[%emt 0:09:08]} a5 {[%emt 0:18:22]} 22. Bxa5 {[%emt 0:01:44]} Qe3+ {[%emt 0:00:20]} 23. Kb1 {[%emt 0:04:00]} Be7 {[%emt 0:09:58]} 24. Rde1 {[%emt 0:08:02]} Qc5 {[%emt 0:01:06]} 25. Bb4 {[%emt 0:00:43]} Qxc6 {[%emt 0:02:55]} 26. Bxe7+ {[%emt 0:00:09]} Kg7 {[%emt 0:00:27]} 27. Bxc6 {[%emt 0:00:40]} Nb6 {[%emt 0:00:54]} 28. Reg1+ {[%emt 0:02:16]} Kh7 {[%emt 0:00:28]} 29. Bf6 {[%emt 0:00:12]} 1-0

[Event "Cellavision Cup 2019"]
[Site "Lund"]
[Date "2019.08.03"]
[Round "5.5"]
[White "Hansen, Torbjorn Ringdal"]
[Black "Shirov, Alexei"]
[Result "0-1"]
[WhiteElo "2432"]
[BlackElo "2658"]
[Annotator "TA"]
[PlyCount "80"]
[EventDate "2019.08.02"]
[EventType "swiss"]
[EventCountry "SWE"]
[SourceTitle "playchess.com"]
[Source "ChessBase"]
[SourceQuality "1"]

{[%evp 16,80,-37,-36,-26,-14,-16,-13,38,9,0,0,80,75,159,171,144,164,144,148,162,147,145,120,145,-51,55,-9,-7,-22,0,-4,-13,-22,-22,-21,-21,-15,-21,-14,-16,-56,-52,-39,-56,-43,-40,-69,-29,-27,-29,-25,-16,-16,-13,-13,-13,-13,-13,-339,-279,-548,-548,-507,-510,-556,-510]} 1. e4 c5 2. Nf3 Nc6 3. Bb5 g6 4. O-O Bg7 5. c3 Nf6 6. d4 cxd4 7. cxd4 Nxe4 8. d5 Nd6 9. Na3 Ne5 {B31: Sicilian: 2...Nc6 3 Bb5 g6} (9... a6 10. Bd3 Na7 11. Re1 O-O 12. Bg5 f6 13. Bf4 Nf7 14. Rc1 Nd6 15. Bxd6 exd6 16. Nc4 b5 17. Nxd6 {1-0 (39) Muzychuk,M (2545)-Ushenina,A (2458) Hancheng 2016}) 10. Nxe5 Bxe5 11. Re1 Bf6 (11... Nxb5 $2 12. Rxe5 d6 13. Re1 $18) (11... Bg7 $11) 12. Bh6 $1 $14 Nf5 13. Qd2 $1 a6 (13... Qb6 $11) 14. Rac1 $1 $16 Nxh6 (14... Ng7 $142) 15. Qxh6 e6 $146 ({Wrong is} 15... axb5 $2 16. Nxb5 e6 17. Nc7+ Ke7 18. Nxa8 $18) ({Predecessor:} 15... Rg8 16. Nc4 Rg7 17. Nd6+ {0-1 (39) Bernotas,A (2276)-Stremavicius,T (2297) Palanga 2014}) 16. dxe6 fxe6 17. Rxe6+ Kf7 18. Rxf6+ $1 Qxf6 19. Rc3 $1 {[%cal Rc3f3]} d5 {[#]} 20. Bf1 $2 ({White must play} 20. Rf3 $1 $16 {[%cal Rf3f6]} Bf5 21. Bd3) 20... Bf5 ({Better is} 20... Kg8 $15) 21. Rc7+ (21. Rf3 $1 $14) 21... Kg8 $11 {Black wants to play ...b5.} 22. Rxb7 Rf8 {[%cal Ba8f8,Bf8f7,Bf7e7][%mdl 32] White must now prevent ...Bc8!} 23. Qe3 Rf7 24. Rb6 d4 25. Qb3 $1 ({Much worse is} 25. Rxf6 dxe3 26. Rxf7 (26. Bc4 $2 e2 $19) 26... Kxf7 $17) 25... Be6 $36 {[%mdl 2048] Black has the initiative.} 26. Qg3 Kg7 27. Nc4 Rhf8 {[%cal Rf6f2]} 28. Bd3 Re7 {Hoping for ...Bxc4!} 29. f3 Qf4 30. Qxf4 Rxf4 31. Rxa6 Bxc4 32. Bxc4 Rf6 33. Rxf6 $1 Kxf6 {[%mdl 4096] Endgame KR-KB} 34. Kf2 Re3 35. a4 Ke5 36. a5 Kd6 {Threatens to win with ...Kc5.} 37. f4 $2 {[%mdl 8192]} (37. a6 $11 {and White stays safe.}) 37... Kc5 $19 38. b3 $2 (38. Bf1 {is a better defense.}) 38... Kb4 {Black is clearly winning.} 39. a6 {[#]} Re8 $1 40. a7 {aiming for Bd5.} Ra8 {Accuracy: White = 53%, Black = 49%.} 0-1

[Event "Cellavision Cup 2019"]
[Site "Lund"]
[Date "2019.08.03"]
[Round "5.6"]
[White "Kryakvin, Dmitry"]
[Black "Smith, Axel"]
[Result "1-0"]
[WhiteElo "2586"]
[BlackElo "2469"]
[Annotator "ChessBase"]
[PlyCount "185"]
[EventDate "2019.08.02"]
[EventType "swiss"]
[EventCountry "SWE"]
[SourceTitle "playchess.com"]
[Source "ChessBase"]
[SourceQuality "1"]
[TimeControl "5400+30"]

1. Nf3 {[%emt 0:00:00]} c5 {[%emt 0:00:00]} 2. c4 {[%emt 0:00:02]} Nc6 {[%emt 0:01:01]} 3. Nc3 {[%emt 0:00:16]} e5 {[%emt 0:00:35]} 4. g3 {[%emt 0:00:31]} d6 {[%emt 0:01:09]} 5. Bg2 {[%emt 0:00:20]} g6 {[%emt 0:00:57]} 6. d3 {[%emt 0:00:19]} Nge7 {[%emt 0:03:17]} 7. Nd2 {[%emt 0:07:42]} Be6 {[%emt 0:05:15]} 8. Nd5 {[%emt 0:00:20]} Bg7 {[%emt 0:00:53]} 9. Nb1 {[%emt 0:00:35]} Rb8 {[%emt 0:10:29]} 10. Nbc3 {[%emt 0:02:01]} a6 {[%emt 0:01:29]} 11. Bg5 {[%emt 0:07:54]} h6 {[%emt 0:04:06]} 12. Bxe7 {[%emt 0:02:32]} Nxe7 {[%emt 0:00:08]} 13. Nxe7 {[%emt 0:00:34]} Qxe7 {[%emt 0:00:21]} 14. Nd5 {[%emt 0:01:15]} Bxd5 {[%emt 0:01:33]} 15. Bxd5 {[%emt 0:00:52]} e4 {[%emt 0:07:43]} 16. O-O {[%emt 0:04:30]} exd3 {[%emt 0:10:04]} 17. Qxd3 {[%emt 0:00:50]} Qf6 {[%emt 0:01:13]} 18. Rab1 {[%emt 0:02:05]} a5 {[%emt 0:08:18]} 19. Qe4+ {[%emt 0:08:09]} Qe5 {[%emt 0:09:24]} 20. Qc2 {[%emt 0:01:06]} b6 {[%emt 0:02:35]} 21. Rfd1 {[%emt 0:03:22]} Kf8 {[%emt 0:05:11]} 22. Rd3 {[%emt 0:00:40]} Bf6 {[%emt 0:03:54]} 23. Re3 {[%emt 0:08:49]} Qh5 {[%emt 0:00:02]} 24. Rd1 {[%emt 0:06:27]} Kg7 {[%emt 0:03:39]} 25. Bf3 {[%emt 0:00:32]} Qf5 {[%emt 0:01:24]} 26. Qxf5 {[%emt 0:02:47]} gxf5 {[%emt 0:00:01]} 27. Rxd6 {[%emt 0:00:53]} Rhd8 {[%emt 0:01:51]} 28. Rd5 {[%emt 0:01:53]} Rxd5 {[%emt 0:02:21]} 29. Bxd5 {[%emt 0:00:52]} a4 {[%emt 0:07:15]} 30. Ra3 {[%emt 0:03:34]} b5 {[%emt 0:00:10]} 31. cxb5 {[%emt 0:00:10]} Rxb5 {[%emt 0:00:04]} 32. b3 {[%emt 0:02:05]} axb3 {[%emt 0:00:13]} 33. axb3 {[%emt 0:00:05]} Be7 {[%emt 0:00:46]} 34. Ra7 {[%emt 0:01:07]} Kf6 {[%emt 0:00:02]} 35. Ra6+ {[%emt 0:00:35]} Kg7 {[%emt 0:00:06]} 36. Kg2 {[%emt 0:00:44]} Rb8 {[%emt 0:00:27]} 37. Bc4 {[%emt 0:01:56]} Rd8 {[%emt 0:00:29]} 38. Bd3 {[%emt 0:01:32]} Rb8 {[%emt 0:05:30]} 39. Bc2 {[%emt 0:01:32]} Rb4 {[%emt 0:02:15]} 40. Kf3 {[%emt 0:00:41]} f4 {[%emt 0:00:53]} 41. gxf4 {[%emt 0:01:28]} c4 {[%emt 0:00:02]} 42. bxc4 {[%emt 0:00:28]} Rxc4 {[%emt 0:00:01]} 43. Be4 {[%emt 0:00:31]} Rc3+ {[%emt 0:00:49]} 44. Bd3 {[%emt 0:00:27]} Rc5 {[%emt 0:01:28]} 45. Kg3 {[%emt 0:01:58]} Rc7 {[%emt 0:00:21]} 46. Kg4 {[%emt 0:02:07]} Rb7 {[%emt 0:01:47]} 47. Rc6 {[%emt 0:01:50]} Rb4 {[%emt 0:00:29]} 48. Kf5 {[%emt 0:01:18]} Ra4 {[%emt 0:00:59]} 49. h3 {[%emt 0:01:47]} Ra1 {[%emt 0:00:45]} 50. Rc7 {[%emt 0:02:31]} Kf8 {[%emt 0:00:27]} 51. Kg4 {[%emt 0:00:07]} Rf1 {[%emt 0:00:33]} 52. Kg3 {[%emt 0:00:32]} Ra1 {[%emt 0:00:16]} 53. Rd7 {[%emt 0:01:32]} Rg1+ {[%emt 0:00:25]} 54. Kf3 {[%emt 0:00:15]} Rh1 {[%emt 0:00:26]} 55. Kg2 {[%emt 0:01:31]} Ra1 {[%emt 0:00:06]} 56. Bc4 {[%emt 0:01:29]} Rc1 {[%emt 0:00:48]} 57. Bd5 {[%emt 0:01:06]} Rd1 {[%emt 0:00:05]} 58. e4 {[%emt 0:01:33]} f5 {[%emt 0:01:18]} 59. Rb7 {[%emt 0:03:15]} fxe4 {[%emt 0:00:07]} 60. Bxe4 {[%emt 0:00:06]} Rd2 {[%emt 0:00:25]} 61. Kg3 {[%emt 0:01:18]} Rd4 {[%emt 0:00:46]} 62. f3 {[%emt 0:00:43]} Rb4 {[%emt 0:00:39]} 63. Rd7 {[%emt 0:00:35]} Rb6 {[%emt 0:00:04]} 64. Kg4 {[%emt 0:00:45]} Rf6 {[%emt 0:00:11]} 65. f5 {[%emt 0:00:38]} Ra6 {[%emt 0:00:44]} 66. Rb7 {[%emt 0:00:44]} Kf7 {[%emt 0:01:16]} 67. Kh5 {[%emt 0:01:02]} Ra1 {[%emt 0:00:26]} 68. Rb6 {[%emt 0:01:58]} Bg5 {[%emt 0:00:38]} 69. Bd5+ {[%emt 0:00:15]} Ke7 {[%emt 0:00:32]} 70. Re6+ {[%emt 0:01:44]} Kd8 {[%emt 0:00:28]} 71. Kg6 {[%emt 0:00:34]} Ra5 {[%emt 0:00:33]} 72. Be4 {[%emt 0:00:29]} Bf4 {[%emt 0:00:30]} 73. f6 {[%emt 0:00:28]} Rg5+ {[%emt 0:00:13]} 74. Kf7 {[%emt 0:00:06]} Rg3 {[%emt 0:00:43]} 75. Rc6 {[%emt 0:01:50]} Kd7 {[%emt 0:00:26]} 76. Rc4 {[%emt 0:00:17]} Be5 {[%emt 0:00:13]} 77. Rc5 {[%emt 0:00:24]} Bf4 {[%emt 0:00:32]} 78. Rd5+ {[%emt 0:00:26]} Bd6 {[%emt 0:00:06]} 79. Bf5+ {[%emt 0:00:49]} Kc7 {[%emt 0:00:10]} 80. Ke6 {[%emt 0:00:36]} Bb4 {[%emt 0:01:05]} 81. Rd4 {[%emt 0:00:23]} Ba3 {[%emt 0:00:03]} 82. Rc4+ {[%emt 0:00:30]} Kb6 {[%emt 0:00:07]} 83. Rc3 {[%emt 0:00:10]} Bf8 {[%emt 0:00:15]} 84. Rc8 {[%emt 0:00:23]} Ba3 {[%emt 0:00:04]} 85. f7 {[%emt 0:00:26]} Rxf3 {[%emt 0:00:05]} 86. f8=Q {[%emt 0:00:10]} Bxf8 {[%emt 0:00:02]} 87. Rxf8 {[%emt 0:00:08]} Rf4 {[%emt 0:00:50]} 88. Rh8 {[%emt 0:00:35]} Rh4 {[%emt 0:00:02]} 89. Kf6 {[%emt 0:00:14]} Kc6 {[%emt 0:00:05]} 90. Kg6 {[%emt 0:00:12]} Kd6 {[%emt 0:00:05]} 91. Rxh6 {[%emt 0:00:15]} Rxh6+ {[%emt 0:00:06]} 92. Kxh6 {[%emt 0:00:05]} Ke7 {[%emt 0:00:14]} 93. Kg7 {[%emt 0:00:04]} 1-0

[Event "Cellavision Cup 2019"]
[Site "Lund"]
[Date "2019.08.03"]
[Round "5.7"]
[White "Akesson, Ralf"]
[Black "Cramling, Pia"]
[Result "1-0"]
[WhiteElo "2365"]
[BlackElo "2479"]
[Annotator "ChessBase"]
[PlyCount "81"]
[EventDate "2019.08.02"]
[EventType "swiss"]
[EventCountry "SWE"]
[SourceTitle "playchess.com"]
[Source "ChessBase"]
[SourceQuality "1"]
[TimeControl "5400+30"]

1. d4 {[%emt 0:02:31]} Nf6 {[%emt 0:04:11]} 2. c4 {[%emt 0:00:18]} e6 {[%emt 0:00:06]} 3. Nc3 {[%emt 0:00:43]} Bb4 {[%emt 0:00:09]} 4. e3 {[%emt 0:00:21]} O-O {[%emt 0:00:06]} 5. Nge2 {[%emt 0:01:41]} d5 {[%emt 0:02:07]} 6. a3 {[%emt 0:00:28]} Be7 {[%emt 0:00:07]} 7. cxd5 {[%emt 0:01:31]} exd5 {[%emt 0:00:05]} 8. Ng3 {[%emt 0:05:27]} Re8 {[%emt 0:03:12]} 9. Bd3 {[%emt 0:08:37]} a5 {[%emt 0:11:34]} 10. O-O {[%emt 0:01:55]} Bf8 {[%emt 0:02:31]} 11. Bd2 {[%emt 0:05:14]} Na6 {[%emt 0:01:15]} 12. Nce2 {[%emt 0:04:52]} c5 {[%emt 0:05:13]} 13. Bb5 {[%emt 0:11:34]} Re7 {[%emt 0:14:25]} 14. Bxa6 {[%emt 0:03:50]} Rxa6 {[%emt 0:00:06]} 15. dxc5 {[%emt 0:00:10]} Ne4 {[%emt 0:11:18]} 16. Rc1 {[%emt 0:08:27]} Rh6 {[%emt 0:03:30]} 17. f3 {[%emt 0:13:39]} Nxg3 {[%emt 0:11:26]} 18. Nxg3 {[%emt 0:02:01]} Re8 {[%emt 0:04:28]} 19. Rf2 {[%emt 0:02:46]} b6 {[%emt 0:04:13]} 20. cxb6 {[%emt 0:03:11]} Qxb6 {[%emt 0:00:11]} 21. Bc3 {[%emt 0:01:02]} Qd8 {[%emt 0:03:57]} 22. Qa4 {[%emt 0:03:18]} Bd6 {[%emt 0:07:04]} 23. Bxa5 {[%emt 0:04:16]} Qe7 {[%emt 0:00:16]} 24. Bd2 {[%emt 0:05:59]} Bd7 {[%emt 0:02:09]} 25. Qd4 {[%emt 0:03:50]} Be5 {[%emt 0:03:00]} 26. Qb4 {[%emt 0:00:31]} Bd6 {[%emt 0:00:27]} 27. Qd4 {[%emt 0:00:55]} Be5 {[%emt 0:00:08]} 28. Qxd5 {[%emt 0:03:02]} Rd6 {[%emt 0:02:16]} 29. Qa5 {[%emt 0:00:58]} Rh6 {[%emt 0:03:03]} 30. Qb4 {[%emt 0:00:50]} Bd6 {[%emt 0:00:08]} 31. Qc4 {[%emt 0:00:29]} Rh4 {[%emt 0:00:40]} 32. f4 {[%emt 0:00:10]} g5 {[%emt 0:00:56]} 33. Qd4 {[%emt 0:00:22]} f6 {[%emt 0:00:54]} 34. Nf1 {[%emt 0:00:54]} Be5 {[%emt 0:00:40]} 35. Qd3 {[%emt 0:00:29]} Bd6 {[%emt 0:00:34]} 36. b4 {[%emt 0:00:28]} Be6 {[%emt 0:01:00]} 37. Rc6 {[%emt 0:00:51]} Rd8 {[%emt 0:00:10]} 38. Qe4 {[%emt 0:00:37]} Qf7 {[%emt 0:00:33]} 39. Qc2 {[%emt 0:00:23]} Qd7 {[%emt 0:00:46]} 40. Rc3 {[%emt 0:00:39]} Qa7 {[%emt 0:00:29]} 41. Rc6 {[%emt 0:00:33]} 1-0